Govt. of
Madhya Pradesh

कम्‍प्‍यूटर जागरूकता अध्‍यायवार एवं वस्‍तुनिष्‍ठ (Record no. 63084)

MARC details
000 -LEADER
fixed length control field 00406nam a22001097a 4500
082 ## - DEWEY DECIMAL CLASSIFICATION NUMBER
Classification number 004
100 ## - MAIN ENTRY--AUTHOR NAME
Personal name Guider
245 ## - TITLE STATEMENT
Title कम्‍प्‍यूटर जागरूकता अध्‍यायवार एवं वस्‍तुनिष्‍ठ
260 ## - PUBLICATION, DISTRIBUTION, ETC. (IMPRINT)
Place of publication दिल्‍ली
Name of publisher Guider Competitive Group
Year of publication 2020
650 ## - SUBJECT ADDED ENTRY--TOPICAL TERM
Topical Term कम्‍प्‍यूटर
942 ## - ADDED ENTRY ELEMENTS (KOHA)
Koha item type Hindi Books
Holdings
Withdrawn status Lost status Damaged status Not for loan Home library Current library Date acquired Cost, normal purchase price Full call number Accession Number Price effective from Koha item type
        MACL MACL 02/09/2020 130.00 004 GCLC00801 02/09/2020 Hindi Books
        MACL MACL 02/09/2020 130.00 004 GCLC00802 02/09/2020 Hindi Books